000 01319nam a2200337 a 4500
001 000112880
003 CHAP
005 20220329144326.0
008 170130s2016 mx sm |||||||spa d
010 _a109341
011 _a110313
040 _cCHAP
090 _aTesis
100 1 _aBautista Avendaño, Joel
_9131407
245 1 0 _aEvaluación de impacto ambiental, generado por la construcción de una línea de transmisión eléctrica, en los Estados de Durango y Coahuila de Zaragoza
_h[En línea]
_cpor Joel Bautista Avendaño y Gregorio Mendoza Guzmán.
260 _aChapingo, Méx. :
_bEl autor,
_c2016.
500 _aPara ver el contenido del material haga clic en la liga
502 _aTesis (Ing. Forestal) -- UACH. División de Ciencias Forestales
590 _aBATCH
_b00
_c20181121
_lUCH01
_h0758
590 _aE11695DGD
_b10
_c20170131
_lUCH01
_h0925
590 _aE5765TAJ
_b05
_c20170130
_lUCH01
_h0923
650 1 4 _aEnergía eléctrica
_xAspectos ambientales.
_9131409
650 1 4 _aImpacto ambiental
_xEvaluación.
_9131414
650 1 4 _aMedio ambiente
_xProtección
_zCoahuila.
_9130218
700 1 _aMendoza Guzmán, Gregorio
_9131408
856 _a1
_n0000824
856 _aFinding aid
_uhttp://10.13.5.2/tesis/sist112880.pdf
_zTeclea aquí
901 _aBK
942 _cTESIS
942 _n0
999 _c109341
_d109341